[Event "Moscow ol (Men)"]
[Site "Moscow"]
[Date "1994.??.??"]
[Round "11"]
[White "Iordachescu, Viorel"]
[Black "Bricard, Emmanuel"]
[Result "1/2-1/2"]
[WhiteElo "2435"]
[BlackElo "2455"]

1.e4 e6 2.d4 d5 3.Nc3 Bb4 4.e5 b6 5.a3 Bxc3+ 6.bxc3 Qd7 7.a4 Ba6 8.Bxa6 Nxa6
9.Qd3 Nb8 10.Qg3 f5 11.h4 Nc6 12.Bg5 Na5 13.Ne2 Nc4 14.h5 Nh6 15.Nf4 Qf7
16.O-O c6 17.Qd3 a5 18.Rab1 Kd7 19.Qe2 Qf8 20.Rb3 Nf7 21.Bh4 g5 22.hxg6 hxg6
23.Nxg6 Qh6 24.Nxh8 Rxh8 25.g3 Rg8 26.Kh2 Nh8 27.Rxb6 Nxb6 28.Qa6 Ng6 29.Qxb6 Nxh4
30.Qb7+ Ke8 31.Qc8+ Kf7 32.Qd7+ Kf8 33.Rb1 Nf3+ 34.Kg2 Rxg3+ 35.fxg3 Qd2+
36.Kxf3 Qxc3+ 37.Kf4 Qd2+ 38.Kf3 Qc3+ 39.Kg2 Qxc2+ 40.Kh3 Qxb1 41.Qd8+ Kg7
42.Qf6+ Kh7 43.Qf7+ Kh6 44.Qxe6+ Kh5 45.Qe8+ Kg5 46.Qg8+ Kh6 47.Qe6+ Kh5
48.g4+ Kg5 49.Qf6+ Kf4 50.Qxf5+ Qxf5 51.gxf5 Kxf5 52.Kg3 c5 53.dxc5 Kxe5
54.Kf3 d4 55.c6  1/2-1/2

[Event "Muenster op"]
[Site "Muenster"]
[Date "1994.??.??"]
[Round "6"]
[White "Sicherl, Peter"]
[Black "Prang, Edgar"]
[Result "0-1"]
[WhiteElo "2230"]
[BlackElo "2310"]

1.e4 e6 2.d4 d5 3.Nc3 Bb4 4.e5 Qd7 5.Bd2 Ne7 6.Nf3 b6 7.Bb5 c6 8.Be2 Ba6
9.Bxa6 Nxa6 10.Ne2 Bxd2+ 11.Qxd2 O-O 12.O-O c5 13.c3 Rac8 14.Nf4 Rc7 15.Nh5 Ng6
16.h3 Rfc8 17.Rae1 Qa4 18.Re2 Qxa2 19.Nh2 cxd4 20.Ng4 dxc3 21.Qg5 Qc4 22.Rc2 Qd3
23.Ngf6+ Kh8 24.Nxg7 Qxc2 25.Nfh5 Nc5 26.Ne8 Qf5 27.Qh6 f6 28.Nxc7 Rxc7 29.exf6 Ne4
30.f4 Nxf6 31.g4 Nxg4 32.hxg4 Qxg4+ 33.Kh2 cxb2 34.Nf6 Rc2+  0-1

[Event "Nagykanizsa op"]
[Site "Nagykanizsa"]
[Date "1994.??.??"]
[Round "?"]
[White "Turzo, Attila"]
[Black "Portisch, Ferenc"]
[Result "0-1"]
[WhiteElo "2195"]
[BlackElo "2385"]

1.e4 e6 2.d4 d5 3.Nc3 Bb4 4.e5 Ne7 5.a3 Bxc3+ 6.bxc3 c5 7.Nf3 Qa5 8.Bd2 Bd7
9.Be2 Ba4 10.O-O Nbc6 11.Re1 c4 12.Bf1 h6 13.g3 O-O-O 14.Nh4 Kb8 15.Bh3 Rdg8
16.Ng2 Nd8 17.Nf4 g6 18.Ng2 Ndc6 19.Ne3 h5 20.Rf1 Nf5 21.Bg2 Rh7 22.Ra2 a6
23.Bf3 Ka7 24.h3 Qd8 25.Ng2 Ng7 26.Nf4 h4 27.g4 g5 28.Ne2 Ne8 29.Bg2 f5 30.exf6 Nxf6
31.f4 gxf4 32.Bxf4 Ne4 33.Qc1 Ne7 34.Qe3 Nf5 35.Qc1 Bc6 36.Kh2 Nfg3 37.Bxg3 hxg3+
38.Kg1 Qh4 39.Qf4 Nf2 40.Qxg3 Qxg3 41.Nxg3 Nxh3+ 42.Bxh3 Rxh3 43.Kg2 Rh4
44.Rf4 Rhxg4 45.Rxg4 Rxg4 46.Ra1 Kb6 47.Re1 Ka5 48.Kf3 Rg6 49.Ne2 Ka4 50.Ra1 Rh6
51.Kg3 Be8 52.Nf4 b5 53.Kg2 Bg6 54.Nxg6 Rxg6+ 55.Kf3 Rh6 56.Kg3 Rh5 57.Ra2 Rh1
58.Kg2 Re1 59.Kf3 Rh1 60.Kg2 Rb1 61.Kf3 Rb3 62.cxb3+ cxb3 63.Re2 Kxa3 64.Rxe6 b2
65.Rxa6+ Kb3 66.Rb6 Kc4 67.Rc6+ Kd3  0-1

[Event "Nice"]
[Site "Nice"]
[Date "1994.??.??"]
[Round "7"]
[White "Santo Roman, Marc"]
[Black "Lamoureux, Charles"]
[Result "0-1"]
[WhiteElo "2440"]
[BlackElo "2430"]

1.e4 e6 2.d4 d5 3.Nc3 Bb4 4.e5 Ne7 5.Bd2 b6 6.Qg4 O-O 7.Bd3 Ba6 8.Bh6 Ng6
9.Bxg6 fxg6 10.Be3 Qd7 11.h4 Rf5 12.Nf3 Qa4 13.Kd2 Nc6 14.h5 g5 15.Bxg5 Raf8
16.a3 Bxc3+ 17.bxc3 Nxe5 18.Qh4 Rxf3  0-1

[Event "NLD-chT9495"]
[Site "?"]
[Date "1994.??.??"]
[Round "6"]
[White "Peelen, Piet"]
[Black "Pliester, Leon"]
[Result "0-1"]
[WhiteElo "2390"]
[BlackElo "2395"]

1.e4 e6 2.d4 d5 3.Nc3 Bb4 4.e5 Ne7 5.Bd2 b6 6.Bb5+ c6 7.Ba4 a5 8.a3 Bxc3
9.Bxc3 O-O 10.Qh5 Ba6 11.Nf3 c5 12.Bb3 Nbc6 13.g4 Qe8 14.Rg1 f5 15.dxc5 bxc5
16.Ng5 Qxh5 17.gxh5 Bc8 18.h6 Ng6 19.hxg7 Kxg7 20.f4 a4 21.Ba2 h6 22.Nf3 Kf7
23.Bd2 Ba6 24.Rg3 Rg8 25.O-O-O Be2 26.Re1 Bxf3 27.Rxf3 Nh4 28.Rh3 Rg4 29.Rf1 Rag8
30.Be1 Ng6 31.Bg3 Rh8 32.Rh5 Nge7 33.Rf3 Kg6 34.Rh4 h5 35.Rc3 c4 36.h3 Rxh4
37.Bxh4 Kf7 38.Bxe7 Nxe7 39.b3 Ng6 40.bxc4 Nxf4 41.Rf3 Ng6 42.cxd5 Nxe5 43.Re3 Kf6
44.dxe6 f4 45.Re1 Rc8 46.Kd1 Rd8+ 47.Ke2 Rc8 48.Kd1 Rd8+ 49.Ke2 Rc8 50.Kf1 Nf3
51.Re2 Ke7 52.Rg2 Kd6 53.Rg7 Rc7 54.Rf7 Rxf7 55.exf7 Ke7 56.Kf2 Nd4 57.Bb1 Nb5
58.c4 Nxa3 59.Bd3 Kxf7 60.c5 Ke6 61.h4 Kd5 62.Kf3 Kxc5 63.Kxf4 Kd4 64.Bg6 Nc4
65.Bc2 a3 66.Bb3 Kc3 67.Ba2 Na5 68.Ke3 Kb2 69.Bd5 Nb3  0-1

[Event "NLD-chT9495"]
[Site "?"]
[Date "1994.??.??"]
[Round "8"]
[White "Okkes, Menno"]
[Black "Van der Griendt, Jan Willem"]
[Result "1/2-1/2"]
[WhiteElo "2285"]
[BlackElo "2390"]

1.e4 e6 2.d4 d5 3.Nc3 Bb4 4.e5 b6 5.Qg4 Bf8 6.Bb5+ c6 7.Be2 Ba6 8.Nf3 Ne7
9.O-O Qd7 10.Bxa6 Nxa6 11.Ne2 c5 12.c3 Rc8 13.Ng3 g6 14.Bg5 h5 15.Qf4 Ng8
16.Rfd1 c4 17.b3 Bh6 18.Bxh6 Rxh6 19.Rac1 Rh8 20.bxc4 Rxc4 21.Nd2 Rc7 22.c4 Nb4
23.Rb1 Nxa2 24.Rb2 Nc3 25.Rc1 h4 26.Rxc3 hxg3 27.fxg3 Ne7 28.Rbc2 Qa4 29.Qe3 Kf8
30.Rc1 dxc4 31.Rxc4 Rxc4 32.Nxc4 Nf5 33.Qf2 b5 34.Nd6 Kg7 35.h3 Rf8 36.Rc7 Kg8
37.Nxf5 exf5 38.Kh2 Qa5 39.Rc1 b4 40.Rb1 Qd5 41.Rxb4 Rd8 42.Ra4 Qe4 43.Qf4 Qd5
44.Qf3 a5 45.Qxd5 Rxd5 46.h4 Rb5 47.g4 fxg4 48.Kg3  1/2-1/2

[Event "NLD-sf"]
[Site "?"]
[Date "1994.??.??"]
[Round "4"]
[White "Kroeze, Frank M"]
[Black "Vogel, Jaap"]
[Result "1/2-1/2"]
[WhiteElo "2405"]
[BlackElo "2300"]

1.e4 e6 2.d4 d5 3.Nc3 Bb4 4.e5 b6 5.Bd2 Bf8 6.Nf3 Ne7 7.Bb5+ c6 8.Ba4 a5
9.a3 Ba6 10.Ne2 Qc8 11.O-O Bc4 12.c3 Qa6 13.Re1 Bb5 14.Bc2 Bd3 15.Nf4 Bxc2
16.Qxc2 Nd7 17.b4 a4 18.Rab1 b5 19.Ng5 h6 20.Nfxe6 fxe6 21.Nxe6 Qc8 22.f4 g6
23.g4 Nc5 24.Nxc5  1/2-1/2

[Event "NLD-sf"]
[Site "?"]
[Date "1994.??.??"]
[Round "6"]
[White "Van de Oudeweetering, Arthur"]
[Black "Vogel, Jaap"]
[Result "0-1"]
[WhiteElo "2330"]
[BlackElo "2300"]

1.e4 e6 2.d4 d5 3.Nc3 Bb4 4.e5 b6 5.a3 Bf8 6.Nf3 Ne7 7.h4 h5 8.Ne2 Ba6 9.Nf4 Bxf1
10.Kxf1 Qc8 11.Kg1 Qa6 12.Ng5 g6 13.Qf3 Nbc6 14.Be3 Nd8 15.g4 hxg4 16.Qxg4 Qc4
17.c3 Qb3 18.Qe2 Bh6 19.Nf3 Ndc6 20.Ng2 Nf5 21.Bxh6 Rxh6 22.Ne3 Nxe3 23.fxe3 Ne7
24.Ng5 Nf5 25.Qf2 Ke7 26.Re1 Rah8 27.e4 dxe4 28.Rxe4 Rh5 29.Nf3 Qd1+ 30.Re1 Qd3
31.Rh2 c6 32.Rf1 Qe4 33.Re1 Qf4 34.c4 Nxh4 35.Nxh4 Qxf2+ 36.Kxf2 Rxh4 37.Rxh4 Rxh4
38.Ke3 Rh2 39.Rb1 Rh3+ 40.Kd2 Rb3 41.a4 g5 42.Kc2 Rf3 43.Rg1 f6 44.exf6+ Kxf6
45.b4 a6 46.Rd1 g4 47.d5 exd5 48.cxd5 cxd5 49.Rxd5 g3 50.Rd8 Rf5 51.Rf8+ Ke5
52.Rg8 Kf4 53.Kd2 Kf3 54.Ke1 g2 55.Rg7 Rf4 56.b5 a5 57.Rg6 Re4+  0-1

[Event "NLD-sf"]
[Site "?"]
[Date "1994.??.??"]
[Round "9"]
[White "Zagema, Wieb"]
[Black "Vogel, Jaap"]
[Result "1-0"]
[WhiteElo "2355"]
[BlackElo "2300"]

1.e4 e6 2.d4 d5 3.Nc3 Bb4 4.e5 b6 5.a3 Bf8 6.Bb5+ c6 7.Ba4 a5 8.Nce2 Ba6
9.c3 Bb5 10.Bc2 Ne7 11.Nf3 Nf5 12.h4 h5 13.g3 Bxe2 14.Qxe2 g6 15.O-O Be7
16.Bf4 Kf8 17.Rfd1 Kg7 18.Rac1 Na6 19.c4 Nc7 20.Ba4 b5 21.cxb5 cxb5 22.Bc2 b4
23.Bg5 bxa3 24.bxa3 Rb8 25.Bf6+ Bxf6 26.exf6+ Qxf6 27.Bxf5 Nb5 28.Bd3 Nxa3
29.Ne5 Rb7 30.Ba6  1-0

[Event "NOR-ch"]
[Site "?"]
[Date "1994.??.??"]
[Round "1"]
[White "Djurhuus, Rune"]
[Black "Hjelmaas, Lars"]
[Result "1-0"]
[WhiteElo "2460"]
[BlackElo "2315"]

1.e4 e6 2.d4 d5 3.Nc3 Bb4 4.e5 Ne7 5.Bd2 Nf5 6.Nce2 Be7 7.Nf3 c5 8.c3 Qb6
9.g4 Nh4 10.Nxh4 Bxh4 11.g5 Nc6 12.Qb3 f5 13.Rg1 cxd4 14.Qxb6 axb6 15.cxd4 Bd7
16.Bc3 Kf7 17.Nf4 g6 18.Be2 b5 19.Bxb5 Nxe5 20.Bxd7 Nxd7 21.Bd2 Ra4 22.b4 h6
23.gxh6 Bf6 24.Rc1 g5 25.Rc7 Rxa2 26.Rxd7+ Ke8 27.Rc7 Bd8 28.Rc8 Kd7 29.Rc1 Rxh6
30.Nd3 Rxh2 31.Ne5+ Ke8 32.Nf3 Rh3 33.Nxg5 Rd3 34.Be3 Kd7 35.Nf3 Bf6 36.Rg6 Bh8
37.Rh6 Bxd4 38.Nxd4 f4 39.Bxf4  1-0

[Event "Nyiregyhaza op"]
[Site "Nyiregyhaza"]
[Date "1994.??.??"]
[Round "?"]
[White "Katona, Marton"]
[Black "Forgacs, Jozsef"]
[Result "1/2-1/2"]
[WhiteElo "2190"]
[BlackElo "2315"]

1.e4 e6 2.d4 d5 3.Nc3 Bb4 4.e5 Ne7 5.h4 c5 6.a3 Bxc3+ 7.bxc3 Qa5 8.Bd2 Nbc6
9.h5 h6 10.Nf3 Bd7 11.Rb1 Qc7 12.Bb5 O-O-O 13.O-O g6 14.Re1 gxh5 15.dxc5 Rdg8
16.Bxc6 Nxc6 17.Nd4 Nxd4 18.cxd4 Rg4 19.f3 Rxd4 20.Qe2 Rc4 21.Rb4 Rxc5 22.Reb1 b6
23.Be3 Rc4 24.Rxc4 Qxc4 25.Qxc4+ dxc4 26.Rb4 b5 27.Bxa7 Kb7 28.Bc5 Re8 29.Rb1 Bc6
30.Kf2 Bd5 31.Rh1  1/2-1/2

[Event "Oberwart op"]
[Site "Oberwart"]
[Date "1994.??.??"]
[Round "8"]
[White "Schmittdiel, Eckhard"]
[Black "Maus, Siegfried"]
[Result "1/2-1/2"]
[WhiteElo "2495"]
[BlackElo "2300"]

1.e4 e6 2.d4 d5 3.Nc3 Bb4 4.e5 Ne7 5.a3 Bxc3+ 6.bxc3 c5 7.a4 Qc7 8.Nf3 b6
9.Bb5+ Bd7 10.O-O Bxb5 11.axb5 O-O 12.Qd3 h6 13.dxc5 bxc5 14.c4 dxc4 15.Qxc4 Nd7
16.Qe4 Rfd8 17.Bd2 Rdb8 18.c4 Ng6 19.h3 Qb7 20.Qe2 a6 21.bxa6 Rxa6 22.Rxa6 Qxa6
23.Be3 Rb4  1/2-1/2

[Event "Osterskan op"]
[Site "Osterskan"]
[Date "1994.??.??"]
[Round "?"]
[White "Jansson, Anders O"]
[Black "Raaste, Eero J"]
[Result "0-1"]
[WhiteElo "2160"]
[BlackElo "2350"]

1.e4 e6 2.d4 d5 3.Nc3 Bb4 4.e5 Qd7 5.Bd2 b6 6.Bb5 c6 7.Ba4 a5 8.a3 Bf8 9.Nh3 Ba6
10.Ne2 Bb5 11.Bxb5 cxb5 12.O-O Na6 13.c3 O-O-O 14.Be3 Kb7 15.Qd3 Rc8 16.b3 f5
17.a4 b4 18.c4 Nc7 19.Rfc1 Ne7 20.Rc2 Nc6 21.Rac1 dxc4 22.Qxc4 Na7 23.Qd3 Be7
24.Nhf4 g5 25.Nh3 h6 26.f4 Rhg8 27.Qd2 g4 28.Nf2 Nd5 29.Rc4 Rc6 30.Nd3 Rgc8
31.Bf2 R8c7 32.Nb2 h5 33.Qd3 h4 34.Be3 Rc8 35.R1c2 Kb8 36.Rc1 Qb7 37.Nd1 h3
38.R1c2 Rxc4 39.bxc4 b3 40.Rb2 Nb4  0-1

[Event "Pardubice op"]
[Site "Pardubice"]
[Date "1994.??.??"]
[Round "9"]
[White "Macieja, Bartlomiej"]
[Black "Matlak, Marek"]
[Result "1-0"]
[WhiteElo "2420"]
[BlackElo "2490"]

1.e4 e6 2.d4 d5 3.Nc3 Bb4 4.e5 Ne7 5.Bd2 b6 6.Nce2 Bxd2+ 7.Qxd2 Ba6 8.h4 c5
9.h5 h6 10.f4 cxd4 11.Nf3 Nbc6 12.Nexd4 Bxf1 13.Rxf1 Qd7 14.O-O-O O-O-O 15.g4 g6
16.Rh1 Rdg8 17.hxg6 Rxg6 18.Rh4 Rhg8 19.Nh2 Nxd4 20.Qxd4 Kb7 21.b3 Rc8 22.Kb2 Qb5
23.Qd3 Qxd3 24.Rxd3 f5 25.exf6 Rxf6 26.g5 hxg5 27.Rh7 Rc7 28.fxg5 Rf4 29.Rc3 Nc6
30.Rxc7+ Kxc7 31.g6 Rf8 32.Ng4 Kd6 33.Rxc6+ Kxc6 34.Nh6  1-0

[Event "Paris op"]
[Site "Paris"]
[Date "1994.??.??"]
[Round "1"]
[White "Robovic, Saudin"]
[Black "Lempereur, Frederic"]
[Result "1-0"]
[WhiteElo "2410"]
[BlackElo "2300"]

1.e4 e6 2.d4 d5 3.Nc3 Bb4 4.e5 Ne7 5.a3 Bxc3+ 6.bxc3 c5 7.Qg4 Kf8 8.dxc5 Nd7
9.Nf3 Qa5 10.Bd2 Nxc5 11.Bd3 Nxd3+ 12.cxd3 Kg8 13.O-O h6 14.c4 Qa4 15.Rfc1 Kh7
16.Qh5 Qe8 17.Rab1 Nc6 18.h3 Rf8 19.Bb4 Nxb4 20.Rxb4 Qd8 21.cxd5 exd5 22.Nd4 Kg8
23.f4 Qe7 24.Nb5 Bd7 25.Nd6 Bc6 26.Nf5 Qe6 27.Qg4 g6 28.Nxh6+ Kg7 29.Qxe6 fxe6
30.Ng4 d4 31.Rxd4 Rad8 32.Rcc4 Rd5 33.Rxd5 Bxd5 34.Rc7+ Rf7 35.Rxf7+ Kxf7
36.Nf6 b5 37.Nxd5 exd5 38.Kf2 a5 39.Ke3 Ke6 40.Kd4  1-0

[Event "Paris APSAP"]
[Site "Paris"]
[Date "1994.??.??"]
[Round "2"]
[White "Renet, Olivier"]
[Black "Vareille, Francois"]
[Result "1-0"]
[WhiteElo "2530"]
[BlackElo "2430"]

1.e4 e6 2.d4 d5 3.Nc3 Bb4 4.e5 Ne7 5.a3 Bxc3+ 6.bxc3 b6 7.Qg4 Kf8 8.h4 Ba6
9.h5 h6 10.Qf3 Bxf1 11.Kxf1 Nbc6 12.Rh4 Na5 13.Rf4 Qe8 14.g4 Kg8 15.Kg2 Rc8
16.Nh3 c5 17.Be3 cxd4 18.Bxd4 Nac6 19.Rc1 Nd8 20.Kh2 Qb5 21.Rg1 Qb2 22.Qd3 Qxa3
23.Rg3 Nec6 24.Qd1 Nxd4 25.cxd4 Qb2 26.g5 hxg5 27.Rxg5 Qxc2 28.Qg1 Kf8 29.Rxg7 Qe2
30.Qg5 Ke8 31.Rg8+ Rxg8 32.Qxg8+ Kd7 33.h6 Qh5 34.h7 Rc3 35.f3 Rxf3 36.Rxf3  1-0

[Event "Wch U12 Disney"]
[Site "Paris"]
[Date "1994.??.??"]
[Round "6"]
[White "Aronian, Levon"]
[Black "Kondarevich, O."]
[Result "1-0"]
[WhiteElo "1995"]
[BlackElo "1995"]

1.d4 e6 2.e4 d5 3.Nc3 Bb4 4.e5 Ne7 5.a3 Bxc3+ 6.bxc3 b6 7.Qg4 Ng6 8.h4 h5
9.Qg3 Ba6 10.Bxa6 Nxa6 11.Ne2 c5 12.Nf4 Nxf4 13.Bxf4 Qc7 14.Qxg7 O-O-O 15.Qg3 Rdg8
16.Qd3 c4 17.Qf3 Rg4 18.g3 Rg7 19.Kd2 Nb8 20.Bg5 Nd7 21.a4 a5 22.Rab1 Rgh7
23.Qf4 Rf8 24.Be7 Rg8 25.f3 Kb7 26.Bg5 Rg6 27.Rbe1 Qc6 28.Ra1 f6 29.exf6 Rf7
30.Rae1 Nxf6 31.Qe5 Nh7 32.Bf4 Qe8 33.Qxh5 Rxf4 34.Qxh7+ Qf7 35.Qxf7+ Rxf7
36.Rhf1 Rxg3 37.Rxe6 Rh3 38.Ke3 Rxh4 39.Rb1 Rh3 40.Rbxb6+ Kc7 41.Rf6 Re7+
42.Rbe6 Reh7 43.Ra6 Re7+ 44.Rfe6 Rf7 45.Ra7+ Kd8 46.Rxf7 Rh2 47.Ra6 Ke8 48.Rb7  1-0

[Event "Paris op"]
[Site "Paris"]
[Date "1994.??.??"]
[Round "6"]
[White "Anka, Emil"]
[Black "Komarov, Dimitri"]
[Result "1/2-1/2"]
[WhiteElo "2390"]
[BlackElo "2535"]

1.e4 e6 2.d4 d5 3.Nc3 Bb4 4.e5 Ne7 5.a3 Bxc3+ 6.bxc3 c5 7.Qg4 O-O 8.Bd3 f5
9.exf6 Rxf6 10.Bg5 Rf7 11.Qh4 h6 12.Bxe7 Rxe7 13.Ne2 Nc6 14.f4 Bd7 15.O-O Qf8
16.dxc5 Rf7 17.Qf2 e5 18.Qe3 d4 19.cxd4 exd4 20.Qf2 Qxc5 21.c3 Kh8 22.cxd4 Qd6
23.h3 Ne7 24.Qe3 Bc6 25.Qe5 Rd8 26.Qxd6 Rxd6 27.Rad1 Nd5 28.Bc4 Rfd7 29.Bxd5 Bxd5
30.Rd2  1/2-1/2

[Event "Paris"]
[Site "Paris"]
[Date "1994.??.??"]
[Round "8"]
[White "Minasian, Artashes"]
[Black "Apicella, Manuel"]
[Result "0-1"]
[WhiteElo "2545"]
[BlackElo "2435"]

1.e4 e6 2.d4 d5 3.Nc3 Bb4 4.e5 Ne7 5.a3 Bxc3+ 6.bxc3 c5 7.Qg4 O-O 8.Bd3 Nbc6
9.Qh5 Ng6 10.Nf3 Qc7 11.Be3 c4 12.Be2 f6 13.h4 Bd7 14.g3 Nce7 15.Qg4 f5 16.Qh3 h6
17.h5 Nh8 18.Nh4 Ba4 19.Kd2 a5 20.f4 b5 21.g4 b4 22.gxf5 bxc3+ 23.Kxc3 Nxf5
24.Bg4 Bd7 25.Rhg1 a4 26.Rab1 Rab8 27.Rb4 Rxb4 28.axb4 a3 29.Bxf5 exf5 30.Ra1 Qb6
31.Qh1 Be6 32.Rxa3 Rb8 33.Qb1 Qd8 34.Bf2 Qe8 35.Ra6 Bc8 36.Ra5 Qxh5 37.Rxd5 Ng6
38.Rd8+ Kh7 39.Qe1 Nxh4 40.Bxh4 Qf3+ 41.Kb2 Ra8 42.c3 Qc6 43.d5 Qa4 44.Kc1 Qa2
45.Kd1 Qg2  0-1

[Event "Passau op"]
[Site "Passau"]
[Date "1994.??.??"]
[Round "?"]
[White "Kuczynski, Robert"]
[Black "Portisch, Ferenc"]
[Result "1-0"]
[WhiteElo "2510"]
[BlackElo "2385"]

1.e4 e6 2.d4 d5 3.Nc3 Bb4 4.e5 Ne7 5.a3 Bxc3+ 6.bxc3 c5 7.h4 Qc7 8.h5 cxd4
9.cxd4 Qc3+ 10.Bd2 Qxd4 11.Nf3 Qe4+ 12.Be2 Nf5 13.Kf1 Nc6 14.Bd3 Qg4 15.Rb1 f6
16.Qe1 O-O 17.Rh3 fxe5 18.Nxe5 Nxe5 19.Qxe5 Qd4 20.Qe1 Rf7 21.Rb4 Qc5 22.h6 g6
23.Rf3 d4 24.Kg1 b6 25.Rb5 Qc6 26.Re5 Bd7 27.Be4 Qc8 28.Bxa8 Qxa8 29.c3 Qf8
30.cxd4 Nxh6 31.Bxh6 Qxh6 32.Rxf7 Kxf7 33.d5 g5 34.Qe3  1-0

[Event "World op"]
[Site "Philadelphia"]
[Date "1994.??.??"]
[Round "?"]
[White "Pakkanen, Jukka"]
[Black "Vaganian, Rafael A"]
[Result "0-1"]
[WhiteElo "2315"]
[BlackElo "2625"]

1.e4 e6 2.d4 d5 3.Nc3 Bb4 4.e5 b6 5.a3 Bf8 6.f4 h5 7.Nf3 Nh6 8.Be3 Ba6 9.Bxa6 Nxa6
10.Qd3 Nb8 11.Ne2 Nc6 12.Rc1 Ne7 13.h3 Nhf5 14.Bf2 h4 15.O-O Qd7 16.Rfd1 Rc8
17.Qa6 c6 18.b3 Rb8 19.c4 Qb7 20.Qxb7 Rxb7 21.Rd3 f6 22.a4 Kd7 23.a5 Ng6
24.axb6 axb6 25.Ra1 Be7 26.Kf1 Rc8 27.Ne1 Rcc7 28.Nc2 Ra7 29.Rdd1 Kc8 30.Ke1 Rxa1
31.Rxa1 Kb7 32.Kd2 Rc8 33.Kc3 Rf8 34.Be3 fxe5 35.fxe5 Nxe3 36.Nxe3 Rf2 37.Kd3 Bg5
38.Ng4 Rf8 39.Rd1 c5 40.cxd5 exd5 41.Kc3 Ne7 42.Ra1 Nc6 43.Rd1 Nb4 44.Ra1 Rc8
45.dxc5 bxc5 46.Ng1 Re8 47.Nf3 Bf4 48.Re1 Re6 49.Re2 Kc6 50.Nxh4 Kb5 51.Nf3 g5
52.Re1 Ra6 53.Re2 Na2+ 54.Kb2 d4 55.Nxd4+ cxd4 56.Re4 Kc5 57.e6 Nc3 58.b4+ Kc4
59.Rxf4 Ra2+ 60.Kc1  0-1

[Event "Wisla op (Women)"]
[Site "Poland"]
[Date "1994.??.??"]
[Round "?"]
[White "Erneste, Inguna"]
[Black "Dambravaite, Asta"]
[Result "1-0"]
[WhiteElo "2300"]
[BlackElo "2145"]

1.e4 e6 2.d4 d5 3.Nc3 Bb4 4.e5 b6 5.a3 Bxc3+ 6.bxc3 Ne7 7.Qg4 Nf5 8.Bd3 h5
9.Qf4 g6 10.Nf3 Qd7 11.O-O Ba6 12.h3 Bxd3 13.cxd3 Qe7 14.c4 Nc6 15.cxd5 exd5
16.Bd2 Nd8 17.Bb4 Qd7 18.Ng5 Ne6 19.Nxe6 Qxe6 20.Rfc1 O-O-O 21.Ra2 Kb7 22.Rac2 Rc8
23.Rc6 Qxc6 24.Rxc6 Kxc6 25.g4 hxg4 26.hxg4 a5 27.Be1 Nh6 28.Qf6+ Kb7 29.f3 Rh7
30.Qe7 Rch8 31.Bg3 f5 32.Qe6 fxg4 33.fxg4 c6 34.Qxg6 Ng8 35.Kg2 Ne7 36.Qe6 Nc8
37.g5 Rg7 38.Bf4 Rhg8 39.a4 Rd8 40.Be3 Rf8 41.Kg3 Rd8 42.Kg4 Rdg8 43.Bc1 Kc7
44.Qf6 Kb7 45.Ba3 b5 46.Bc5 b4 47.e6 Rxg5+ 48.Qxg5 Rxg5+ 49.Kxg5 b3 50.Ba3 Kc7
51.Kf6 Kd8 52.Kf7 b2 53.Bxb2 Nd6+ 54.Kf8 Ne8 55.Bc3  1-0

[Event "CRO-ch"]
[Site "Porec"]
[Date "1994.??.??"]
[Round "?"]
[White "Rogulj, Branko"]
[Black "Zecevic, Dean"]
[Result "1-0"]
[WhiteElo "2405"]
[BlackElo "2345"]

1.e4 e6 2.d4 d5 3.Nc3 Bb4 4.e5 Ne7 5.a3 Bxc3+ 6.bxc3 c5 7.Nf3 b6 8.a4 Ba6
9.Bb5+ Bxb5 10.axb5 Qc8 11.O-O h6 12.dxc5 bxc5 13.c4 O-O 14.Ba3 Nd7 15.cxd5 Nxd5
16.c4 N5b6 17.Qe2 a6 18.Nd2 axb5 19.cxb5 Ra4 20.Bb2 Qa8 21.Rxa4 Qxa4 22.Ne4 Ra8
23.Nd6 Qb3 24.Bc1 Qc3 25.Bf4 Ra1 26.g3 Rxf1+ 27.Kxf1 Nd5 28.Qh5 g6 29.Qxh6 Nxe5
30.Qh8+ Kxh8 31.Bxe5+ Qxe5 32.Nxf7+ Kg7 33.Nxe5 g5 34.Nd7  1-0

[Event "CRO-ch"]
[Site "Porec"]
[Date "1994.??.??"]
[Round "?"]
[White "Rogulj, Branko"]
[Black "Brkic, Djordje"]
[Result "1-0"]
[WhiteElo "2405"]
[BlackElo "2220"]

1.e4 e6 2.d4 d5 3.Nc3 Bb4 4.e5 Ne7 5.a3 Bxc3+ 6.bxc3 c5 7.Nf3 Nbc6 8.Be2 Qa5
9.O-O Qa4 10.dxc5 O-O 11.Be3 f6 12.exf6 Rxf6 13.Bd4 Rh6 14.Bd3 Qa5 15.Re1 Bd7
16.Rb1 Qc7 17.Ne5 Rf8 18.Qg4 Nf5 19.Bxf5 exf5 20.Qg5 Bc8 21.Nxc6 Rxc6 22.Re7 Rg6
23.Rxc7 Rxg5 24.Re1 h5 25.Ree7 Rd8 26.f4 Rg6 27.Bxg7 Rc6 28.Be5 Rxc7 29.Rxc7 a5
30.Kf2 Be6 31.Rxb7 Rc8 32.Rg7+ Kf8 33.Ra7 Ke8 34.Bd6 Bd7 35.Rxa5 Kf7 36.Ra7 Ke6
37.a4 Rc6 38.a5 Bc8 39.Kg3 Ba6 40.Kh4 Kf6 41.Kxh5 Be2+ 42.Kh4 Rc8 43.Kg3 Bc4
44.Kf3 Re8 45.Be5+ Ke6 46.c6 Bb5 47.c7 Kd7 48.Ke3 Rc8 49.Kd4 Kc6 50.h4 Be2
51.Ke3 Bh5 52.Ra6+ Kc5 53.Rh6 Be8 54.a6 Bc6 55.Bd4+ Kb5 56.a7 Re8+ 57.Kf2 Rc8
58.h5 Ra8 59.Rf6 Rc8 60.h6 Ba8 61.Rb6+ Kc4  1-0

[Event "Pula PCA op"]
[Site "Pula"]
[Date "1994.??.??"]
[Round "?"]
[White "Martic, Zlatko"]
[Black "Kuzmanovic, Milan"]
[Result "1-0"]
[WhiteElo "2265"]
[BlackElo "2235"]

1.e4 e6 2.d4 d5 3.Nc3 Bb4 4.e5 b6 5.Bd2 Qd7 6.Nf3 Ba6 7.Bxa6 Nxa6 8.Ne2 Bf8
9.O-O h5 10.Nf4 h4 11.Qe2 Nb8 12.c4 dxc4 13.d5 exd5 14.e6 fxe6 15.Nxe6 Qe7
16.Nxc7+ Kd7 17.Qxe7+ Nxe7 18.Nxa8 Na6 19.Rfe1 Nc5 20.Bg5 Ne4 21.Bxe7 Bxe7
22.Ne5+ Ke6 23.Ng6 Rxa8 24.Nxe7 Kxe7 25.f3 Kd6 26.fxe4 d4 27.Kf2 b5 28.Ke2 b4
29.b3 c3 30.Kd3 Ke5 31.Rf1 g6 32.a3 Rc8 33.axb4 c2 34.Ra5+ Ke6 35.Rc5  1-0

[Event "Pula PCA op"]
[Site "Pula"]
[Date "1994.??.??"]
[Round "?"]
[White "Gurevich, Vladimir"]
[Black "Fercec, Nenad"]
[Result "1/2-1/2"]
[WhiteElo "2420"]
[BlackElo "2385"]

1.e4 e6 2.d4 d5 3.Nc3 Bb4 4.e5 b6 5.Bd2 Qd7 6.Nf3 Ba6 7.Bxa6 Nxa6 8.Ne2 Be7
9.O-O c5 10.c3 c4 11.Ng3 h6 12.h4 Nb8 13.h5 Nc6 14.Qe2 O-O-O 15.Be3 Bf8 16.Nd2 Na5
17.b3 Qc6 18.Qf3 Rd7 19.Rab1 Kb8 20.bxc4 Nxc4 21.Nxc4 Qxc4 22.Rb3 Rc7 23.Rfb1 Qc6
24.Qd1 Rb7  1/2-1/2

[Event "EUCup Gr"]
[Site "Pula"]
[Date "1994.??.??"]
[Round "2"]
[White "Kruppa, Yuri"]
[Black "Bukal, Vladimir Sr"]
[Result "1-0"]
[WhiteElo "2505"]
[BlackElo "2405"]

1.e4 e6 2.d4 d5 3.Nc3 Bb4 4.e5 Ne7 5.a3 Bxc3+ 6.bxc3 c5 7.Qg4 Kf8 8.a4 b6
9.Nf3 Ba6 10.Bd3 Bxd3 11.cxd3 Nd7 12.O-O h6 13.Ba3 Kg8 14.c4 Rc8 15.Rfc1 Kh7
16.cxd5 Nxd5 17.Qe4+ g6 18.Rc4 cxd4 19.Qxd4 Nb8 20.Rxc8 Qxc8 21.Rc1 Qb7 22.Qc4 Rd8
23.Rc2 Rd7 24.Qh4 Ne7 25.Ng5+ Kg7 26.Nxe6+ Kg8 27.Qf6 Nf5 28.Nf4 Nd4 29.Nxg6 fxg6
30.Qf8+ Kh7 31.Rc8 Qxc8  1-0

[Event "ROM-chT"]
[Site "ROM"]
[Date "1994.??.??"]
[Round "?"]
[White "Pavlov, Mircea"]
[Black "Dinescu, Adrian"]
[Result "0-1"]
[WhiteElo "2385"]
[BlackElo "2200"]

1.e4 e6 2.d4 d5 3.Nc3 Bb4 4.e5 Ne7 5.a3 Bxc3+ 6.bxc3 c5 7.Qg4 Qc7 8.Bd3 Bd7
9.Qxg7 Rg8 10.Qf6 cxd4 11.Ne2 Nbc6 12.Bxh7 O-O-O 13.Bxg8 Nxg8 14.Qg7 dxc3
15.Bf4 Nge7 16.O-O Nf5 17.Qxf7 Ncd4 18.Nxd4 Nxd4 19.Rfd1 Qc4 20.Bg5 Re8 21.Rxd4 Qxd4
22.Qf4 Qxf4 23.Bxf4 Ba4 24.h4 d4 25.Rc1 Rd8 26.h5 b5 27.Bg5 Rd7 28.h6 a5
29.Bf6 b4 30.Bg7 Bxc2 31.Rxc2 b3 32.h7 Rd8 33.Rc1  0-1

[Event "San Martin"]
[Site "San Martin"]
[Date "1994.??.??"]
[Round "8"]
[White "Sanchez Almeyra, Jorge"]
[Black "Rodriguez, Andres"]
[Result "1/2-1/2"]
[WhiteElo "2435"]
[BlackElo "2435"]

1.e4 e6 2.d4 d5 3.Nc3 Bb4 4.e5 Ne7 5.Bd2 b6 6.Nf3 Ba6 7.Bxa6 Nxa6 8.Qe2 Nb8
9.Nd1 Bxd2+ 10.Qxd2 c5 11.c3 Nd7 12.Ne3 O-O 13.O-O a5 14.Nh4 b5 15.f4 Ng6
16.Nxg6 fxg6 17.a4 Qb6 18.axb5 Qxb5 19.c4 dxc4 20.d5 Rfd8 21.d6 Nb6 22.Qe2 Qb4
23.Rac1 c3 24.Rxc3 Rab8 25.Rc2 Qd4 26.Rd2 Qb4 27.g3 a4 28.Rfd1 Rd7 29.Rc2 Ra7
30.Nc4 Nd7 31.Rd3 Qb5 32.h4 Nf8 33.Kh2 Qc6 34.Qf3 Qxf3 35.Rxf3 Rb4 36.Ra3 Kf7
37.Kg2 Nd7 38.Kf3 h6 39.Ke3 g5 40.h5 g6 41.hxg6+ Kxg6 42.Kd3 Rab7 43.Rac3 Rb8
44.Rf2 Rf8 45.Ke3 h5 46.Rg2 Kh6 47.Rf2 Kg6 48.Rg2 Kh6 49.Rf2 Kg6 50.Rg2  1/2-1/2

[Event "SLO-chT"]
[Site "?"]
[Date "1994.??.??"]
[Round "?"]
[White "Kozamernik, Janez"]
[Black "Ivanusa, Bogumir"]
[Result "0-1"]
[WhiteElo "2075"]
[BlackElo "2025"]

1.e4 e6 2.d4 d5 3.Nc3 Bb4 4.e5 Ne7 5.Nf3 c5 6.a3 Bxc3+ 7.bxc3 Bd7 8.h4 Ba4
9.Rb1 Qc7 10.Bd3 Nd7 11.h5 h6 12.Kf1 Rc8 13.Ne1 Nb6 14.Rh4 c4 15.Be2 Kd7
16.Bg4 Rcf8 17.Bh3 Kc8 18.Kg1 Kb8 19.f4 Nf5 20.Bxf5 exf5 21.g4 Qe7 22.Ng2 g5
23.hxg6 fxg6 24.g5 hxg5 25.Rxh8 Rxh8 26.fxg5 Qh7 27.Kf2 Qh3 28.Bd2 Kc8 29.Rb2 Nd7
30.Qb1 Bc6 31.Qg1 Nxe5 32.dxe5 d4 33.cxd4 Qf3+ 34.Ke1 c3 35.Bxc3 Qxc3+  0-1

[Event "Wch U26"]
[Site "Sofia"]
[Date "1994.??.??"]
[Round "2"]
[White "Kupper, Patrick"]
[Black "Dgebuadze, Alexandre"]
[Result "1-0"]
[WhiteElo "2295"]
[BlackElo "2400"]

1.e4 e6 2.d4 d5 3.Nc3 Bb4 4.e5 Ne7 5.Bd2 b6 6.Bb5+ c6 7.Ba4 a5 8.a3 Bxc3
9.Bxc3 O-O 10.Bd2 c5 11.c3 Ba6 12.Ne2 Nbc6 13.Be3 Rc8 14.O-O Bxe2 15.Qxe2 Nf5
16.Rad1 Qe7 17.Bc2 cxd4 18.Bxd4 Ncxd4 19.cxd4 Rc4 20.Bd3 Rc7 21.Ba6 Ra8 22.f4 h5
23.Rf3 Nxd4 24.Rxd4 Qc5 25.Qd2 Rxa6 26.Rc3 Qe7 27.f5 exf5 28.Rxd5 Ra8 29.Rcd3 Rac8
30.h3 Rc5 31.Qf4 Rxd5 32.Rxd5 g6 33.Qd4 Qc7 34.Kh1 Qc1+ 35.Kh2 Re8 36.b4 axb4
37.Qxb4 Qc7 38.Rd6 b5 39.Rd5 Qc4 40.Qd2  1-0